|
|
|
|
| LEADER |
00573nam a22001697a 4500 |
| 005 |
20151215125015.0 |
| 008 |
091014t xxu||||| |||| 00| 0 eng d |
| 082 |
|
|
|a 658.403 8
|b KIS
|
| 100 |
|
|
|a Kishore, Swapna
|9 3903
|
| 245 |
|
|
|a What every manager should know about computers
|
| 300 |
|
|
|a 142p.
|
| 653 |
|
|
|a Computers
|
| 700 |
|
|
|a Naik, Rajan
|9 3902
|
| 942 |
|
|
|c BK
|6 _
|
| 260 |
|
|
|a New Delhi
|b Tata McGraw Hill
|c 1990
|
| 999 |
|
|
|c 95834
|d 95834
|
| 952 |
|
|
|0 0
|1 0
|2 ddc
|4 0
|6 658403_8KIS
|7 0
|9 120765
|a SMS
|b SMS
|c GEN
|d 2009-10-14
|l 1
|o 658.403 8 KIS
|p SMS016635
|r 2010-10-28
|s 2010-10-05
|w 2009-10-14
|y BK
|